| 000 | 00961cam a2200313 a 4500 | ||
|---|---|---|---|
| 001 | 000005512 | ||
| 003 | DO-SdBPM | ||
| 005 | 20260528070621.0 | ||
| 007 | ta | ||
| 008 | 951205s1999 sp 001 1 spa | ||
| 020 | _a8481301698 | ||
| 040 |
_aDO-SdBPM _bspa _cBPMSU _erda |
||
| 082 | 0 | 4 |
_a863.64 _bU49m, 1999 _222 |
| 100 | 1 |
_aUmbral, Francisco, _d1932-2007 _eautor _4aut. |
|
| 245 | 1 | 0 |
_aMortal y rosa / _cFrancisco Umbral ;prólogo Félix Grande |
| 264 |
_aMadrid : _bMillenium, _c1999. |
||
| 300 |
_a158 páginas ; _c18 cm. |
||
| 336 |
_atexto _btxt _2rdacontent |
||
| 337 |
_asin mediación _bn _2rdamedia |
||
| 338 |
_avolumen _bnc _2rdacarrier |
||
| 490 | 0 |
_aLas 100 joyas del milenio , _v52 |
|
| 590 | _aInventariado, 2026/VM | ||
| 650 | 7 | _a Novela española | |
| 650 | 7 | _aLiteratura española | |
| 650 | 7 |
_aVida cotidiana _x Novela |
|
| 700 | 1 |
_aGrande, Félix _eprólogo |
|
| 910 | _aVMateo V. Control de calidad. BPMSU | ||
| 942 |
_2ddc _cBK |
||
| 999 |
_c7529 _d7529 |
||